Lavoro di comunità e intervento sociale interculturale (Record n. 210020)
[ formato base ]
| 000 -LEADER | |
|---|---|
| fixed length control field | 01635nam a2200217Ia 4500 |
| 001 - CONTROL NUMBER | |
| control field | b6969-50840 |
| 003 - CONTROL NUMBER IDENTIFIER | |
| control field | IT-MiCISF |
| 008 - FIXED-LENGTH DATA ELEMENTS--GENERAL INFORMATION | |
| fixed length control field | 161014s9999||||xx |||||||||||||| ||und|| |
| 040 ## - CATALOGING SOURCE | |
| Original cataloging agency | IT-MiCISF |
| Transcribing agency | IT-MiCISF |
| 041 ## - LANGUAGE CODE | |
| Language code of text/sound track or separate title | it |
| 999 ## - SYSTEM CONTROL NUMBERS (KOHA) | |
| Koha Dewey Subclass [OBSOLETE] | si |
| 100 ## - MAIN ENTRY--PERSONAL NAME | |
| Personal name | Lavanco Gioacchino (a cura di) |
| 245 #0 - TITLE STATEMENT | |
| Title | Lavoro di comunità e intervento sociale interculturale |
| 250 ## - EDITION STATEMENT | |
| Edition statement | 1a ed. |
| 260 ## - PUBLICATION, DISTRIBUTION, ETC. (IMPRINT) | |
| Place of publication, distribution, etc. | Milano |
| Name of publisher, distributor, etc. | Franco Angeli |
| Date of publication, distribution, etc. | 2009 |
| 300 ## - PHYSICAL DESCRIPTION | |
| Extent | pp. 190 |
| 500 ## - GENERAL NOTE | |
| General note | Lavanco G., Messina C., Romano F., Hombrados Mendieta M.I., Moscato G., Dominguez Fuentes J.M., Lopez Espigares T., Novara C., Moscato G., Varveri L., Corso D., Di Giovanni E., Moreno J. Menez M.P. / servizi-sociali, comunità, servizi-anziani, emarginazione, prevenzione, tossicodipendenza, adolescenza, suicidio, famiglia-migranti, esperienze / Gli interventi di sviluppo di comunità consistono nell'accrescere la partecipazione attiva dei cittadini, cui consegue un aumento del potere e del controllo sulle proprie condizioni di vita. I saggi contenuti in questo volume rappresentano un primo tentativo di confrontare modelli di ricerca e di intervento, progettualità, percorsi formativi, best practices. Saggi che concludono e, al tempo stesso, aprono un percorso faticoso, emozionante e per alcuni tratti ambizioso che possiamo definire di ricerca-azione e di form-azione proprio perché ha fatto dialogare occasioni di riflessione e di intervento con le fasi della ricerca diffusa e decentrata sul territorio. |
| 650 ## - SUBJECT ADDED ENTRY--TOPICAL TERM | |
| Topical term or geographic name as entry element | Famiglia e servizi / servizi-alla-persona |
| Relator term | 007 |
| 700 ## - ADDED ENTRY--PERSONAL NAME | |
| Personal name | Hombrados Mendieta Maria Isabel (a cura di) |
| 942 ## - ADDED ENTRY ELEMENTS (KOHA) | |
| Koha item type | LIBRO |
| 957 ## - | |
| -- | 1 |
| 999 ## - SYSTEM CONTROL NUMBERS (KOHA) | |
| -- | 1 |
| Withdrawn status | Lost status | Damaged status | Not for loan | Home library | Current library | Date acquired | Total Checkouts | Full call number | Date last seen | Price effective from | Koha item type | Public note |
|---|---|---|---|---|---|---|---|---|---|---|---|---|
| Buone Condizioni | Not For Loan | CISF - Milano | CISF - Milano | 14/10/2016 | b6969-50840 | 14/10/2016 | 14/10/2016 | LIBRO | Data import 15.10.2016 / by Epidotti, Vaglietti |